000
00314nam a2200133Ia 4500
005
20251222144901.0
008
251222s9999||||xx |||||||||||||| ||spa||
020
_a
84-8280-106-6
082
_a
828.82/D73T
100
_a
Dickens, Charles
245
0
_a
Tiempos DifĂciles
264
_b
La oveja negra
942
_c
LIB
999
_c
21969
_d
21969